1460 1363 1722 1372 1576 1183 1966 1403 1248 1636 1185 1834 1625 1946 1273 1102 1222 1011 1548 1262 1624 1613 1749 1099 1191 1261 1730 1190 1023 1138 1550 1028 1706 1717 1424 1377 1425 1636 1006 1172 1470 1574 1528 1555 1901 1847 1934 1222 1916 1894 1920 1387 1260 1519 1758 1465 1124 1427 1804 1203 1676 1153 1926 1248 1316 1181 1412 1580 1591 1941 1791 1577 1444 1568 1987 1952 1821 1271 1481 1588 1662 1032 1336 1747 1712 1276 1091 1418 1858 1784 1757 1506 1840 1323 1297 1117 1679 1032 1762 BCNSPRNW ULIB Ver.6.0+V

เปลี่ยนเป็นภาษาไทย

Change to English
 แสดงรายละเอียดบรรณานุกรม
  กลับหน้าหลัก

Brief Record : Get Marc (ISO 2709) : E-mail record : QR code < ปิดหน้าต่าง
LEADER : 00000nam 2200000uu 4500
001    13399129154
003     ULIB
008    250807s2568||||th 000 0 tha d
020    ^a9786169406396
060  4 ^aWT104^bว352น
100 0  ^aวีรศักดิ์ เมืองไพศาล,บรรณาธิการ.
245 1  ^aนวัตกรรมสำหรับการดูแลเพื่อการสูงวัยอย่างมีสุขภาพดีในอนาคต =^bInnovations for care to support healthy aging in the future /^cบรรณาธิการ วีรศักดิ์ เมืองไพศาล.
246 3  ^aInnovations for care to support healthy aging in the future
250    ^aพิมพ์ครั้งที่ 1.
260    ^aกรุงเทพฯ :^bสมาคมพฤฒาวิทยาและเวชศาสตร์ผู้สูงอายุไทย ,^c2568.
300    ^a268 หน้า :^bภาพประกอบ, ตาราง, แผนภูมิ
505 0  ^aการเปลี่ยนแปลงรูปแบบการดูแลผู้สูงอายุ : ปัจจุบันและอนาคต -- การพัฒนารูปแบบการดูแลผู้สูงอายุแบบบูรณาการในการนำไปปฏิบัติในการดูแลปฐมภูมิ -- การก้าวสู่สังคมผู้สูงอายุด้วยเทคโนโลยี Digital Disruption และระบบปัญญาประดิษฐ์ -- แนวทางการส่งเสริมการดูแลตนเองในผู้สูงอายุ -- มุมมองที่แตกต่างในการดูแลโรคไม่ติดต่อในผู้สูงอายุ -- สิ่งที่ต้องพิจารณาเป็นพิเศษในการควบคุมโรคไม่ติดต่อในผู้สูงอายุ -- การกระตุ้นสมองและการดูแลสุขภาพจิต -- การสั่งและการหยุดสั่งการจ่ายยาในผู้สูงอายุที่มีภาวะเปราะบาง -- รูปแบบการส่งเสริมการเคลื่อนไหวและการไม่พึ่งพิง -- บ้านอัจฉริยะเพื่อส่งเสริมการสูงวัยในถิ่น -- นวัตกรรมยาปรับเปลี่ยนการดำเนินโรคเพื่อรักษาโรคข้อเข่าเสื่อมชนิดปฐมภูมิ -- นวัตกรรมการดูแลระหว่างวันสำหรับผู้สูงอายุที่มีภาวะเปราะบาง -- นวัตกรรมและความรู้ใหม่ที่ช่วยส่งเสริมสุขภาพช่องปากและโภชนาการที่ดีสำหรับผู้สูงอายุ -- ความร่วมมือเชิงนวัตกรรมแบบสหวิทยาการเพื่อส่งเสริมแผนการดูแลเฉพาะบุคคล -- คลินิกพยาบาลชุมชนอบอุ่น.
650  4 ^aการส่งเสริมสุขภาพ.
650  4 ^aนวัตกรรมทางสุขภาพ^xผู้สูงอายุ.
650  4 ^aผู้สูงอายุ.
650  4 ^aผู้สูงอายุ^xการดูแล.
650  4 ^aผู้สูงอายุ^xสุขภาพและอนามัย.
650  4 ^aเวชศาสตร์วัยชรา.
655    ^aHealth Sciences Branch.
700    ^aวีรศักดิ์ เมืองไพศาล^eบรรณาธิการ.
945    ^p300^l0^i011904
999    ^aประนอม เกษจรัล
รายการนี้ยังไม่มีแท็ก
คุณยังไม่ได้ล็อกอิน คุณสามารถมีกิจกรรมร่วมกับเว็บไซต์ได้ แต่ต้องล็อกอินก่อน ::
  ล็อกอิน

รายการสื่อสารสนเทศ

ลำดับที่ ประเภท เลขเรียก/บาร์โค้ด สถานที่ สถานะ
1. วิทยาศาสตร์การแพทย์ และสุขภาพ
วิทยาศาสตร์การแพทย์ และสุขภาพ
WT104 ว352น ฉ.1 
  Barcode: 011904
ห้องสมุดวิทยาเขตสวรรค์ประชารักษ์
►หนังสือทั่วไป
บนชั้น

รายการใกล้เคียง
    หัวเรื่อง [การส่งเสริมสุขภาพ.]
    หัวเรื่อง [ผู้สูงอายุ.]

BibComment


ยังไม่เคยถูกคอมเมนท์

คอมเมนท์ทรัพยากรรายการนี้
  คอมเมนท์: นวัตกรรมสำหรับกา..


 Copyright 2026. Bcnsprnw @Library